| 000 | 00966nam a2200241 a 4500 | ||
|---|---|---|---|
| 001 | BRCA_7918 | ||
| 005 | 20190320210043.0 | ||
| 008 | 270214s2012----mx-a######---#000-0#spa-# | ||
| 020 | _a9789685852319 | ||
| 041 | _aspaeng | ||
| 044 | _amx | ||
| 050 | 4 |
_aNK2014 _b.C74 2012 |
|
| 245 | 1 | 0 |
_aDe la creatividad a la innovación _b200 diseñadores mexicanos = From creativity to innovation : 200 mexican designers _ceditor Julio Frías Peña ; traducción al inglés Rodrigo Juárez y Ruiz ... [et al.]. |
| 260 |
_aMéxico _bInstituto Tecnológico y de Estudios Superiores de Monterrey : Diseña México _c2012 |
||
| 300 |
_a536 p. _bil. a color _c28 cm. |
||
| 546 | _aTexto en : español e inglés | ||
| 650 | 1 | 4 |
_aDiseño mexicano _919586 |
| 650 | 1 | 4 |
_aDiseñadores mexicanos _919511 |
| 700 | 1 |
_aFrías Peña, Julio _eed. _919587 |
|
| 700 | 1 |
_aJuárez y Ruiz, Rodrigo _etr. _919588 |
|
| 740 | 0 | _aFrom creativity to innovation : 200 mexican designers | |
| 942 |
_2lcc _cB |
||
| 999 |
_c7590 _d7590 |
||